000 00264nam a22001217a 4500
008 180201b xxu||||| |||| 00| 0 eng d
041 _aeng
080 _23 ed
_a54
100 _a12
101 _akim
245 _aorganic chemisrty
_cmorrison.b
942 _2udc
_cBK
999 _c41529
_d41529